Peace, defence, and economic analysis : proceedings of a conference held in Stockholm jointly by the International Economic Association and the Stockholm International Peace Research Institute /

Bibliographic Details
Corporate Authors: International Economic Association, Stockholm International Peace Research Institute
Other Authors: Schmidt, Christian, 1938-, Blackaby, Frank Thomas
Format: Book
Language:English
Published: New York : St. Martin's Press, 1987.
Subjects:

MARC

Tag First Indicator Second Indicator Subfields
LEADER 00000cam a2200000 a 4500
001 in00000023911
005 20160115090613.0
008 870629s1987 nyua b 10100 eng
010 |a  87019708  
020 |a 0312013213 :  |c $35.00 (est.) 
035 |a (OCoLC)16356415 
035 |9 AAB8611AM 
040 |a DLC  |c DLC  |d TXA  |d UtOrBLW 
049 |a TXAM  |c [A11505638] 
050 0 0 |a HC79.D4  |b P43 1987 
082 0 |a 338.4/7355  |2 19 
245 0 0 |a Peace, defence, and economic analysis :  |b proceedings of a conference held in Stockholm jointly by the International Economic Association and the Stockholm International Peace Research Institute /  |c edited by Christian Schmidt and Frank Blackaby. 
246 3 |a Peace, defense, and economic analysis 
264 1 |a New York :  |b St. Martin's Press,  |c 1987. 
300 |a xxxiii, 450 pages :  |b illustrations ;  |c 22 cm. 
336 |a text  |b txt  |2 rdacontent 
337 |a unmediated  |b n  |2 rdamedia 
338 |a volume  |b nc  |2 rdacarrier 
504 |a Includes bibliographies and index. 
650 0 |a Defense industries  |x Economic aspects  |x Congresses. 
650 0 |a Military readiness  |x Economic aspects  |x Congresses. 
650 0 |a Military weapons. 
700 1 |a Schmidt, Christian,  |d 1938- 
700 1 |a Blackaby, Frank Thomas. 
710 2 |a International Economic Association. 
710 2 |a Stockholm International Peace Research Institute. 
999 |a MARS 
999 f f |s 28da1f3a-5b7d-36fc-b3cf-5e461553dbcc  |i 15382cfb-cb36-37fa-baed-66624693c9e6  |t 0 
952 f f |p ric  |a Texas A&M University  |b Rellis Campus  |c Joint Library Facility  |d Remote Storage  |t 0  |e HC79.D4 P43 1987  |h Library of Congress classification  |i unmediated -- volume  |m A14811505638 
998 f f |a HC79.D4 P43 1987  |t 0  |l Remote Storage